000 00566nam a2200217Ia 4500
003 OSt
005 20230602134427.0
008 210423s1991 xx 000 0 und d
040 _cAL
041 _aeng
082 _a306.85
_223
_bFAMR
100 _aFAMILY STUDIES
_9119014
245 _aResearch on families with problems in india.V 2
260 _aBombay
_bTISS
_c1991
365 _b165
_cINR
440 _v2
650 _aMarriage & Family
_9119015
650 _aSociology
_9119016
906 _afamilies ; india.V ; problems ; Research
942 _2ddc
_cBK
999 _c175679
_d175679